000 00488nam a22001697a 4500
999 _c18364
_d18364
008 191003b xxu||||| |||| 00| 0 eng d
020 _a1119589068
040 _aKABU
_cKABU
050 _aQA279
_b.M66 2017 c.1
100 _aMontgomery, Douglas C.
245 _aDesign and analysis of experiments
_cDouglas C. Montgomery
250 _a9th ed.
_bEMEA edition
260 _aSingapore
_bJohn Wiley & Sons
_c2017
300 _axv, 734p.
650 _aExperimental designs
942 _2lcc
_cBK